| 000 | 00675nam a2200241 a 4500 | ||
|---|---|---|---|
| 999 |
_c5750 _d5750 |
||
| 001 | 4390 | ||
| 003 | BD-DhUAP | ||
| 005 | 20201220163218.0 | ||
| 008 | 201220s1996 nyua 001 0 eng d | ||
| 020 | _a0471111031 | ||
| 040 |
_aDLC _cDLC _dBD-DhUAP _beng |
||
| 082 | 0 | 0 |
_a657 WEY _223 |
| 100 | 1 | _aWeygandt, Jerry J. | |
| 245 | 0 | 0 |
_aAccounting principles / _cJerry J. Weygandt, Donald E. Kieso and Walter G. Kell. |
| 250 | _a4th ed. | ||
| 260 |
_aNew York : _bWiley, _cc1996. |
||
| 300 |
_avarious pages : _billustrations ; _c28 cm. |
||
| 490 | _aStudy guide 1. | ||
| 650 | 0 | _aAccounting. | |
| 700 | 1 | _aKieso, Donald E. | |
| 700 | 1 | _aKell, Walter Gerry, | |
| 942 |
_2ddc _cBK |
||